000 01217nam0a22003011 4500
001 rc\2154218
005 20250623063733.0
035 _a(NLR Aleph) 006637022
090 _a7610209
_c7610209
100 _a20110829d1979 |||y0rusy50 ca
101 0 _arus
102 _aRU
105 _aa z |||||
200 1 _aСовершенствование процессов теплообмена и аэродинамики электроподвижного состава
_e[Сб. статей]
_fПод ред. к. т. н. В.И. Иванова
210 _aМосква
_cТранспорт
_d1979
215 _a111 с.
_cил.
_d21
225 1 _aТруды ВНИИ железнодорожного транспорта
_vВып. 617
320 _aБиблиогр. в конце статей
702 1 _4340
_7ca
_8rus
_aИванов
_bВ. И.
_cканд. техн. наук, ж.-д. транспорт
_f1938-
_gВиктор Иванович
_9255306
_3RU\NLR\AUTH\770255362
801 1 _aRU
_bELAR
_2rusmarc
801 0 _aRU
_bNLR
_gpsbo
852 _aNLR
_jП10/598
899 _aRuMoRGB
_jФ 2-79/5747
899 _aRuMoRGB
_jXXIV 330/1
899 _aRuMoRGB
_jXXIV 330/2
942 _cBOOK
980 _aNB